Music Quiz

Random Music or Kpop Quiz
Score 0/66 Timer 15:00
0 Plays Today
Song Title Artist % Correct
Blood Sweat & TearsBts
100%
Mic DropBts
100%
Cypher 4Bts
100%
Save MeBts
100%
Go GoBts
100%
SerendipityBts
100%
House of CardsBts
100%
They Never KnowExo
99.2%
ThunderExo
99.2%
Twenty FourExo
99.2%
Call Me BabyExo
99.2%
Ko Ko BopExo
99.2%
MonsterExo
99.2%
Electic KissExo
99.2%
Bang Bang BangBig Bang
98.5%
Bae BaeBig Bang
98.5%
The 7th SenseNct U
95.8%
Black SuitSuper Junior
95.4%
Palette (Feat. G-Dragon)IU
95.4%
InstagramDean
95%
Love Feat.SydDean
95%
Bonnie & ClydeDean
95%
I Love ItDean
95%
Pour Up (Feat. Zico)Dean
95%
I'm Not Sorry (Feat. Eric Bellinger)Dean
95%
Cheer UpTwice
95%
Killing MeiKon
93.1%
Shall We DanceBlock B
92.7%
GucciJessi
88.2%
She's a BabyZico
83.2%
Boys and GirlsZico
83.2%
Now or NeverSf9
80.9%
Taller Than YouMamamoo
79.4%
Song Title Artist % Correct
Drippin'Nct Dream
76.7%
Ah YeahEXID
74.4%
AirplaneJ-Hope
73.3%
Critical BeautyPentagon
72.9%
BodyMino
71.4%
VJay Park
65.3%
And July (Feat. Dean & DJ Friz)Heize
58.8%
Shut Up & Groove (Feat. Dean)Heize
58.8%
LiftedCL
55%
Nirvana (Feat. Jimin Park)Ravi
51.9%
One And Only You (Feat, Hyolyn)Got7
50.4%
FineGot7
50.4%
HeyaheOne
50%
BittersweetCrush
42%
Party (Feat. Crush)Sik-k
34.4%
iffy (Feat. PH-1, Jay Park)Sik-k
34.4%
I'm Fine (Feat. Sleepy, Loco, Hoody)Gray
30.5%
Ah-AhTeen Top
29.4%
Red CarpetJooheon
29.4%
Pick Up The Phone (feat. Kino, Woodz, Nathan)Jimin Park
26.7%
Please (Feat. G2, Dumbfoundead, Hyo Eun)Dpr Live
25.2%
Is You DownDpr Live
25.2%
JasmineDpr Live
25.2%
Text MeDpr Live
25.2%
Penthouse (Feat. Sik-k)Ph-1
16%
BathOffonoff
9.2%
DanceOffonoff
9.2%
Ma$himaroHash Swan
9.2%
Peach (Feat. Suran)Reddy
8.8%
Think( Feat. Jay Park)Reddy
8.8%
bad habitG.Soul
8%
Run (Feat. GRAY)Lee Jin Ah
6.9%
Dance With The Devil (feat. Dean)Ja Mezz
5%
Remove Ads.
Support Sporcle.
Get the best of Sporcle when you Go Orange. This ad-free experience offers more features, more stats, and more fun while also helping to support Sporcle. Thank you for becoming a member.

You're not logged in!

Compare scores with friends on all Sporcle quizzes.
OR
Log In

Show Comments

Extras

Top Quizzes Today


Score Distribution

Your Account Isn't Verified!

In order to create a playlist on Sporcle, you need to verify the email address you used during registration. Go to your Sporcle Settings to finish the process.

Report this User

Report this user for behavior that violates our Community Guidelines.

Details: